Statistics for Liverpool Goalkeeper By Year

Click here to take the quiz!

General Stats

  • This quiz has been taken 625 times
    (280 since last reset)
  • The average score is 33 of 67

Answer Stats

SeasonGoalkeeper% Correct
2022-23Alisson
100%
2020-21Alisson
100%
2019-20Alisson
100%
2018-19Alisson
100%
2021-22Alisson
100%
2011-12Pepe Reina
85%
2005-06Pepe Reina
85%
2007-08Pepe Reina
85%
2008-09Pepe Reina
85%
2009-10Pepe Reina
85%
2010-11Pepe Reina
85%
2006-07Pepe Reina
85%
2012-13Pepe Reina
85%
2017-18Loris Karius
84%
2014-15Simon Mignolet
82%
2015-16Simon Mignolet
82%
2016-17Simon Mignolet
82%
2017-18Simon Mignolet
82%
2013-14Simon Mignolet
82%
2001-02Jerzy Dudek
79%
2002-03Jerzy Dudek
79%
2003-04Jerzy Dudek
79%
2004-05Jerzy Dudek
79%
1992-93David James
45%
1998-99David James
45%
1997-98David James
45%
1996-97David James
45%
1995-96David James
45%
1994-95David James
45%
1984-85Bruce Grobbelaar
40%
1981-82Bruce Grobbelaar
40%
1983-84Bruce Grobbelaar
40%
1982-83Bruce Grobbelaar
40%
1986-87Bruce Grobbelaar
40%
1985-86Bruce Grobbelaar
40%
1990-91Bruce Grobbelaar
40%
1987-88Bruce Grobbelaar
40%
1989-90Bruce Grobbelaar
40%
1991-92Bruce Grobbelaar
40%
1993-94Bruce Grobbelaar
40%
1988-89Bruce Grobbelaar
40%
1975-76Ray Clemence
32%
1970-71Ray Clemence
32%
1971-72Ray Clemence
32%
1973-74Ray Clemence
32%
1974-75Ray Clemence
32%
1972-73Ray Clemence
32%
1976-77Ray Clemence
32%
1977-78Ray Clemence
32%
1978-79Ray Clemence
32%
1979-80Ray Clemence
32%
1980-81Ray Clemence
32%
2000-01Sander Westerveld
23%
1999-00Sander Westerveld
23%
1962-63Tommy Lawrence
16%
1963-64Tommy Lawrence
16%
1964-65Tommy Lawrence
16%
1966-67Tommy Lawrence
16%
1965-66Tommy Lawrence
16%
1967-68Tommy Lawrence
16%
1968-69Tommy Lawrence
16%
1969-70Tommy Lawrence
16%
1952-53Charlie Ashcroft
1%
1951-52Charlie Ashcroft
1%
1953-54David Underwood
1%
1953-54Russell Crossley
1%
1950-51Russell Crossley
1%

Score Distribution

Percentile by Number Answered

Percent of People with Each Score

Your Score History

You have not taken this quiz since the last reset